| 000 | 00498nam a2200169 i 4500 | ||
|---|---|---|---|
| 001 | 117764 | ||
| 003 | ES-MaACL | ||
| 005 | 20230906190951.0 | ||
| 007 | t| | ||
| 008 | 070214s1965 sp |||| | spa d | ||
| 100 | 1 |
_aPereda de la Reguera, Manuel. _990454 |
|
| 245 | 1 | 0 |
_aProblemas actuales y soluciones legislables / _cManuel Pereda de la Reguera. |
| 260 |
_aSantander : _bAldus, _c1965. |
||
| 300 |
_a89 p. ; _c19 cm. |
||
| 650 | 4 |
_aRelaciones públicas. _9146430 |
|
| 852 |
_aES-MaACL _jC-27030 |
||
| 999 |
_c117764 _d117764 |
||